[Event "4NCL 3 South pool D"]
[Site "Reading, ENG"]
[Date "2018.05.06"]
[Round "10.51"]
[White "Josse, Mark"]
[Black "Peck, Silas"]
[Result "1-0"]
[WhiteElo "2179"]
[BlackElo "2125"]
[PlyCount "84"]
[EventDate "2018.05.06"]

1. d4 d5 2. c4 e6 3. Nc3 Nf6 4. cxd5 exd5 5. Bg5 Be7 6. Qc2 O-O 7. e3 Nbd7 8.
Bd3 Re8 9. Nf3 Nf8 10. h3 Be6 11. O-O c6 12. Ne5 N6d7 13. Bxe7 Qxe7 14. f4 f6
15. Nf3 Rad8 16. Rae1 Nb6 17. g4 Bf7 18. Qf2 Qd6 19. f5 Nfd7 20. Re2 Kh8 21.
Rfe1 Re7 22. e4 dxe4 23. Nxe4 Qf4 24. Neg5 Rxe2 25. Nxf7+ Kg8 26. Qxe2 Rf8 27.
Kg2 Rxf7 28. Bc4 Nd5 29. Bxd5 cxd5 30. Qe6 Nb6 31. a4 Nc4 32. Re2 Qd6 33. b3
Qxe6 34. fxe6 Re7 35. bxc4 dxc4 36. d5 c3 37. d6 Rxe6 38. Rxe6 c2 39. Re1 Kf7
40. d7 c1=Q 41. Rxc1 Ke7 42. Rd1 Kd8 1-0

[Event "4NCL 3 South pool D"]
[Site "Reading, ENG"]
[Date "2018.05.06"]
[Round "10.52"]
[White "Cocks, Elliot"]
[Black "Byron, Alan M"]
[Result "0-1"]
[WhiteElo "2050"]
[BlackElo "2130"]
[PlyCount "118"]
[EventDate "2018.05.06"]

1. c4 Nf6 2. Nc3 g6 3. g3 Bg7 4. Bg2 O-O 5. e4 d6 6. Nge2 c5 7. O-O Nc6 8. d4
cxd4 9. Nxd4 Bg4 10. Nxc6 bxc6 11. Qc2 Nd7 12. h3 Be6 13. b3 Rb8 14. Be3 Qa5
15. Rac1 Nc5 16. Ne2 Na6 17. Nd4 Bd7 18. Qb1 c5 19. Nc2 Be6 20. Bg5 Rfe8 21.
Rfe1 h6 22. Bf4 g5 23. Be3 Bxc4 24. Red1 Be2 25. Rd2 Bh5 26. Rd5 Nc7 27. Rd3
Qa6 28. Bf1 Bg6 29. f3 Qb7 30. Na3 f5 31. exf5 Bxf5 32. Kf2 Nd5 33. Nc4 Nxe3
34. Nxe3 Bd4 35. Rc4 Rf8 36. Rcxd4 cxd4 37. Nxf5 Rxf5 38. Qe1 Re5 39. Qd1 Qb6
40. Rxd4 Rc8 41. Kg2 Rc1 42. Qd3 Kg7 43. h4 Qc5 44. hxg5 Rxg5 45. Be2 e5 46. f4
Qxd4 47. Qxd4 Rxg3+ 48. Kxg3 exd4 49. Kf3 d5 50. Bd3 Ra1 51. a4 Ra3 52. Bc2 Ra2
53. Bd1 a5 54. f5 Kf6 55. Kf4 Rf2+ 56. Bf3 Rf1 57. Kg3 d3 58. Kg2 Rb1 59. Kf2
d2 0-1

[Event "4NCL 3 South pool D"]
[Site "Reading, ENG"]
[Date "2018.05.06"]
[Round "10.53"]
[White "Jones, Christopher M"]
[Black "Wallis, Ian J"]
[Result "1-0"]
[WhiteElo "2123"]
[BlackElo "2057"]
[PlyCount "71"]
[EventDate "2018.05.06"]

1. d4 Nf6 2. Nf3 g6 3. g3 Bg7 4. Bg2 O-O 5. c4 d6 6. Nc3 Nbd7 7. O-O e5 8. e4
c6 9. h3 Re8 10. d5 cxd5 11. cxd5 Nc5 12. Re1 b5 13. b4 Ncd7 14. Nxb5 Qb6 15.
Na3 Qxb4 16. Rb1 Qa5 17. Nb5 Qb6 18. Be3 Nc5 19. Nd2 Qd8 20. Qc2 Bf8 21. Nb3
Nxb3 22. Rxb3 Re7 23. Qc6 Rb7 24. Rc1 Rab8 25. Nxa7 Rxb3 26. axb3 Bd7 27. Qc4
Rb7 28. Nc6 Qa8 29. Qc3 Qa2 30. b4 Qe2 31. Qd2 Qh5 32. Bg5 Bg7 33. g4 Bxg4 34.
hxg4 Qxg4 35. Ne7+ Rxe7 36. Rc8+ 1-0

[Event "4NCL 3 South pool D"]
[Site "Reading, ENG"]
[Date "2018.05.06"]
[Round "10.54"]
[White "Myall, Ivan J"]
[Black "Piper, Stephen J"]
[Result "1-0"]
[WhiteElo "2042"]
[BlackElo "2062"]
[PlyCount "111"]
[EventDate "2018.05.06"]

1. e4 g6 2. d4 Bg7 3. Nc3 d6 4. f4 a6 5. Nf3 b5 6. a4 b4 7. Nd5 c5 8. a5 Nd7 9.
dxc5 dxc5 10. Bc4 e6 11. Ne3 Bb7 12. e5 Ne7 13. O-O O-O 14. Ng5 Nb8 15. Qg4 Nf5
16. c3 Qe7 17. Qh3 h6 18. Nf3 Nxe3 19. Bxe3 Nc6 20. Nd2 Na7 21. Nb3 Rfc8 22.
Bf2 Nb5 23. Rfd1 bxc3 24. bxc3 Bf8 25. Bh4 Qc7 26. Bxe6 fxe6 27. Qxe6+ Qf7 28.
Qxf7+ Kxf7 29. Rd7+ Ke6 30. Rxb7 Nxc3 31. Kf1 Rcb8 32. Rb6+ Kd5 33. Be1 Ne4 34.
Rd1+ Kc4 35. Nd2+ Nxd2+ 36. Rxd2 Rxb6 37. axb6 Rb8 38. Rb2 Rb7 39. Ke2 Be7 40.
Ke3 Kd5 41. Ba5 c4 42. Rd2+ Kc5 43. Ke4 Kb5 44. Rd5+ Kc6 45. g4 c3 46. Bxc3
Rxb6 47. f5 gxf5+ 48. gxf5 Rb3 49. f6 Bc5 50. Bd4 Bb4 51. f7 Rb1 52. Rd8 Rf1
53. e6 Be7 54. Ra8 Re1+ 55. Be3 Bc5 56. Rc8+ 1-0

[Event "4NCL 3 South pool D"]
[Site "Reading, ENG"]
[Date "2018.05.06"]
[Round "10.55"]
[White "Compton, Alistair"]
[Black "Lunn, Timothy"]
[Result "0-1"]
[WhiteElo "2049"]
[BlackElo "2035"]
[PlyCount "62"]
[EventDate "2018.05.06"]

1. d4 Nf6 2. Nc3 d5 3. f3 c5 4. e4 dxe4 5. d5 exf3 6. Nxf3 g6 7. Be3 Nbd7 8.
Qd2 Bg7 9. O-O-O O-O 10. Bh6 a6 11. h4 Bxh6 12. Qxh6 Ng4 13. Qd2 h5 14. Ne4
Ndf6 15. Nxf6+ Nxf6 16. Ng5 Bg4 17. Be2 Bxe2 18. Qxe2 Qd6 19. Qf3 Rad8 20. c4
b5 21. b3 bxc4 22. bxc4 Rb8 23. Ne4 Nxe4 24. Qxe4 Qf6 25. Qc2 Qf4+ 26. Rd2 Rb4
27. g3 Qe5 28. Rdd1 Qxg3 29. Rd3 Qf4+ 30. Kd1 Rxc4 31. Qd2 Qg4+ 0-1

[Event "4NCL 3 South pool D"]
[Site "Reading, ENG"]
[Date "2018.05.06"]
[Round "10.56"]
[White "Hall, Antony C"]
[Black "Gibson, Christopher A"]
[Result "1/2-1/2"]
[WhiteElo "1930"]
[BlackElo "1912"]
[PlyCount "49"]
[EventDate "2018.05.06"]

1. e4 e5 2. Nf3 Nc6 3. d4 exd4 4. Bc4 Nf6 5. O-O Nxe4 6. Re1 d5 7. Bxd5 Qxd5 8.
Nc3 Qd7 9. Nxe4 Be7 10. Bg5 O-O 11. Bxe7 Nxe7 12. Nxd4 Nc6 13. Nb5 Qxd1 14.
Raxd1 Bf5 15. Nxc7 Rac8 16. Nb5 Rcd8 17. Rxd8 Rxd8 18. Nbd6 Bxe4 19. Nxe4 f5
20. Ng3 Rd2 21. Nxf5 Rxc2 22. Rb1 Nb4 23. Ne3 Rd2 24. Nc4 Rc2 25. Ne3 1/2-1/2

[Event "4NCL 3 South pool D"]
[Site "Reading, ENG"]
[Date "2018.05.06"]
[Round "10.61"]
[White "Moloney, Nicholas R"]
[Black "Britton, Richard L"]
[Result "1/2-1/2"]
[WhiteElo "2169"]
[BlackElo "2240"]
[PlyCount "40"]
[EventDate "2018.05.06"]

1. e4 c5 2. Nf3 d6 3. Bb5+ Bd7 4. Bxd7+ Qxd7 5. c4 Nf6 6. Nc3 g6 7. d4 cxd4 8.
Nxd4 Bg7 9. f3 O-O 10. Be3 a6 11. O-O Rc8 12. Na4 Qd8 13. Rc1 Nbd7 14. b3 Qa5
15. Qe1 Qxe1 16. Rfxe1 e6 17. Red1 Bf8 18. Nc3 Rc7 19. Nde2 Rac8 20. Bf4 Rc6
1/2-1/2

[Event "4NCL 3 South pool D"]
[Site "Reading, ENG"]
[Date "2018.05.06"]
[Round "10.62"]
[White "Mackle, Dominic"]
[Black "Farkas, Daniel"]
[Result "1/2-1/2"]
[WhiteElo "2164"]
[BlackElo "2102"]
[PlyCount "63"]
[EventDate "2018.05.06"]

1. d4 d5 2. Nf3 Nf6 3. c4 c6 4. Nc3 dxc4 5. e4 Bg4 6. e5 Nd5 7. Bxc4 e6 8. O-O
Bxf3 9. Qxf3 Nb6 10. Qd3 Nxc4 11. Qxc4 Nd7 12. Qe2 Nb6 13. Be3 Be7 14. Qg4 Kf8
15. Rad1 h6 16. h3 g6 17. Bc1 Kg7 18. a3 Nd5 19. Ne4 Qc7 20. h4 h5 21. Qg3 Qd8
22. Bg5 Bxg5 23. Nxg5 Ne7 24. Rfe1 Nf5 25. Qf4 Qe7 26. Rd2 Rad8 27. Red1 Rd7
28. Nf3 Rhd8 29. g3 Rd5 30. Kg2 R8d7 31. Kg1 Qd8 32. Kg2 1/2-1/2

[Event "4NCL 3 South pool D"]
[Site "Reading, ENG"]
[Date "2018.05.06"]
[Round "10.63"]
[White "Okhai, Shabir"]
[Black "Walker, Nicholas P"]
[Result "1/2-1/2"]
[WhiteElo "2090"]
[BlackElo "2130"]
[PlyCount "36"]
[EventDate "2018.05.06"]

1. e4 e6 2. d4 d5 3. Nd2 dxe4 4. Nxe4 Nf6 5. Bd3 Nbd7 6. Nf3 Be7 7. Qe2 Nxe4 8.
Qxe4 c5 9. Qg4 Bf6 10. dxc5 Nxc5 11. Be2 O-O 12. O-O Qc7 13. c3 e5 14. Qh5 g6
15. Qh6 Bg7 16. Qh4 Bf5 17. Bh6 Ne6 18. Bxg7 Kxg7 1/2-1/2

[Event "4NCL 3 South pool D"]
[Site "Reading, ENG"]
[Date "2018.05.06"]
[Round "10.64"]
[White "Chin, Francis"]
[Black "Agnew, Alan"]
[Result "1/2-1/2"]
[WhiteElo "2042"]
[BlackElo "2077"]
[PlyCount "95"]
[EventDate "2018.05.06"]

1. d4 Nf6 2. Nf3 g6 3. g3 Bg7 4. Bg2 O-O 5. O-O d6 6. c4 Nc6 7. h3 a6 8. Nc3
Rb8 9. e4 b5 10. cxb5 axb5 11. e5 Nd7 12. Ng5 dxe5 13. Bxc6 exd4 14. Nxb5 Rb6
15. Na7 Nb8 16. Qf3 Nxc6 17. Nxc6 Qd7 18. Na5 h6 19. Ne4 Rb5 20. Bd2 f5 21. b4
fxe4 22. Qxe4 Qxh3 23. Nc6 Rh5 24. Nxe7+ Kf7 25. Qxg6+ Kxe7 26. Qxg7+ Rf7 27.
Rfe1+ Be6 28. Rxe6+ Qxe6 29. Qxd4 Rd5 30. Qc3 Kd8 31. Re1 Qf6 32. Qe3 Re7 33.
Qxe7+ Qxe7 34. Rxe7 Kxe7 35. Bxh6 Rd1+ 36. Kg2 Ra1 37. Be3 Rxa2 38. Kf3 Rb2 39.
Bc5+ Ke6 40. Ke4 Re2+ 41. Kd3 Re1 42. Be3 Rb1 43. Bc5 Kf5 44. Kd4 c6 45. Ke3
Rb3+ 46. Kd4 Rb2 47. Ke3 Rb3+ 48. Kd4 1/2-1/2

[Event "4NCL 3 South pool D"]
[Site "Reading, ENG"]
[Date "2018.05.06"]
[Round "10.65"]
[White "Niccoli, Tony"]
[Black "Clancy, Martin J"]
[Result "1-0"]
[WhiteElo "2018"]
[BlackElo "1820"]
[PlyCount "109"]
[EventDate "2018.05.06"]

1. e4 g6 2. f4 Bg7 3. Nf3 c5 4. Nc3 Nc6 5. Bb5 Nd4 6. O-O e6 7. d3 a6 8. Ba4 b5
9. Bb3 Ne7 10. Nxd4 cxd4 11. Ne2 d5 12. e5 Nf5 13. g4 Ne3 14. Bxe3 dxe3 15. d4
Qh4 16. Ng3 f5 17. gxf5 gxf5 18. Qh5+ Qxh5 19. Nxh5 Rg8 20. Kh1 a5 21. c3 Ba6
22. Rg1 Kf7 23. Nxg7 Rxg7 24. Rxg7+ Kxg7 25. Re1 e2 26. Rxe2 b4 27. Re3 Bc4 28.
Kg2 Rb8 29. Kf3 Bxb3 30. axb3 bxc3 31. Rxc3 31... Rb4 $11 32. Ke3 Kg6 33. Kd3
Kh5 34. Rc6 Rxb3+ 35. Kc2 Rf3 36. Rxe6 Rxf4 37. Kd3 Rf3+ 38. Ke2 Rb3 39. Rd6
Rxb2+ 40. Kf3 Kg5 41. h4+ Kxh4 42. Rxd5 Kg5 43. Rxa5 Rb3+ 44. Kf2 Rb2+ 45. Kf3
Rb3+ 46. Ke2 Kf4 47. Ra8 Ke4 48. e6 Rb7 49. Rd8 f4 50. d5 f3+ 51. Kf2 Rb2+ 52.
Kg3 Rg2+ 53. Kh3 Rg7 54. d6 Rg6 55. e7 1-0

[Event "4NCL 3 South pool D"]
[Site "Reading, ENG"]
[Date "2018.05.06"]
[Round "10.66"]
[White "Conway, Paul Bernard"]
[Black "Millward, Kevin P"]
[Result "1/2-1/2"]
[WhiteElo "1851"]
[BlackElo "2021"]
[PlyCount "38"]
[EventDate "2018.05.06"]

1. e4 d5 2. exd5 Qxd5 3. Nc3 Qd6 4. d4 Nf6 5. Nf3 c6 6. Ne5 Nbd7 7. Nc4 Qc7 8.
g3 Nb6 9. Bf4 Qd8 10. Ne5 Nbd5 11. Bd2 Bf5 12. Na4 Ne4 13. Bg2 Nxd2 14. Qxd2 f6
15. Nd3 Bxd3 16. Qxd3 $11 16... Qa5+ 17. Nc3 e6 18. O-O Nxc3 19. bxc3 O-O-O
1/2-1/2

[Event "4NCL 3 South pool D"]
[Site "Reading, ENG"]
[Date "2018.05.06"]
[Round "10.71"]
[White "Davies, Matthew"]
[Black "Hall, John"]
[Result "1/2-1/2"]
[WhiteElo "2006"]
[BlackElo "2252"]
[PlyCount "38"]
[EventDate "2018.05.06"]

1. d4 Nf6 2. c4 c5 3. d5 e6 4. Nc3 exd5 5. cxd5 d6 6. e4 g6 7. Nf3 a6 8. a4 Bg4
9. Be2 Bg7 10. O-O Bxf3 11. Bxf3 O-O 12. Bf4 Qe7 13. Qd2 Nbd7 14. a5 h5 15. h3
Nh7 16. Rfe1 Qf6 17. Bh2 Rfe8 18. Qf4 Qxf4 19. Bxf4 Be5 1/2-1/2

[Event "4NCL 3 South pool D"]
[Site "Reading, ENG"]
[Date "2018.05.06"]
[Round "10.72"]
[White "Pickard, Charles"]
[Black "Gregory, Andrew M"]
[Result "1-0"]
[WhiteElo "2177"]
[BlackElo "1973"]
[PlyCount "53"]
[EventDate "2018.05.06"]

1. Nf3 b6 2. c4 Bb7 3. Nc3 g6 4. e4 Bg7 5. d4 d6 6. Be2 Nd7 7. O-O e6 8. Qc2
Ne7 9. b4 a5 10. bxa5 Rxa5 11. a4 O-O 12. Bd2 Ra8 13. Rfb1 Nc6 14. Be3 e5 15.
d5 Nd4 16. Qd1 Nxf3+ 17. Bxf3 Ba6 18. Be2 f5 19. f3 f4 20. Bf2 g5 21. a5 bxa5
22. Rxa5 c5 23. Qa4 Qc8 24. Qc6 Qxc6 25. dxc6 Nb8 26. Rba1 Rc8 27. Nd5 1-0

[Event "4NCL 3 South pool D"]
[Site "Reading, ENG"]
[Date "2018.05.06"]
[Round "10.73"]
[White "Staniforth, Matthew"]
[Black "Mossong, Hubert"]
[Result "0-1"]
[WhiteElo "1866"]
[BlackElo "2095"]
[PlyCount "76"]
[EventDate "2018.05.06"]

1. d4 d6 2. e4 Nf6 3. Nc3 c6 4. f4 Qa5 5. e5 Ne4 6. Qf3 d5 7. Bd3 g6 8. Bxe4
dxe4 9. Qxe4 Bf5 10. Qe2 Na6 11. g4 Be6 12. Nh3 h5 13. Ng5 Bxg4 14. Qc4 e6 15.
Bd2 Be7 16. h3 Bf5 17. O-O-O Nb4 18. Nge4 b5 19. Qb3 Qb6 20. Be3 a5 21. a4 O-O
22. Rd2 h4 23. Nc5 Rfd8 24. Rhd1 Rab8 25. Bf2 Kg7 26. d5 Bxc5 27. Bxh4 Rd7 28.
Bf6+ Kh7 29. Nxb5 Be3 30. Kb1 cxb5 31. d6 Rc8 32. Rc1 Qc5 33. Re2 Nxc2 34.
Rcxc2 Bxc2+ 35. Rxc2 Qxc2+ 36. Qxc2 Rxc2 37. Kxc2 bxa4 38. Bg5 Bd4 0-1

[Event "4NCL 3 South pool D"]
[Site "Reading, ENG"]
[Date "2018.05.06"]
[Round "10.74"]
[White "Wojciechowski, Paul"]
[Black "Parry, Matthew"]
[Result "1-0"]
[WhiteElo "1967"]
[BlackElo "1887"]
[PlyCount "61"]
[EventDate "2018.05.06"]

1. e4 Nf6 2. Nc3 d5 3. e5 Nfd7 4. d4 e6 5. f4 c5 6. Nf3 Nc6 7. Be3 Be7 8. Bb5
cxd4 9. Nxd4 Nxd4 10. Bxd4 O-O 11. O-O Nc5 12. Qg4 f5 13. exf6 Rxf6 14. Bxf6
Bxf6 15. Qe2 Qb6 16. Nxd5 Bd4+ 17. Kh1 Qd6 18. Nc3 a6 19. Bd3 Nxd3 20. Qxd3 Qb4
21. Ne4 Bb6 22. c3 Qe7 23. Rad1 e5 24. Ng5 g6 25. Qd5+ Kg7 26. Qxe5+ Qxe5 27.
fxe5 Bf5 28. Nf3 Re8 29. Nd4 Bg4 30. Rde1 Bc7 31. e6 1-0

[Event "4NCL 3 South pool D"]
[Site "Reading, ENG"]
[Date "2018.05.06"]
[Round "10.75"]
[White "Jukes, Sam"]
[Black "Birkin, Mark H"]
[Result "0-1"]
[WhiteElo "1899"]
[BlackElo "1982"]
[PlyCount "144"]
[EventDate "2018.05.06"]

1. e4 e6 2. Nf3 d5 3. e5 c5 4. b4 cxb4 5. a3 Nc6 6. axb4 Bxb4 7. c3 Be7 8. d4
f6 9. Bd3 Bd7 10. O-O Rc8 11. Nh4 fxe5 12. Qh5+ Kf8 13. Ng6+ hxg6 14. Qxh8 e4
15. Be2 Bg5 16. f4 Be7 17. g4 Kf7 18. f5 exf5 19. gxf5 Bxf5 20. Bg4 Nf6 21.
Qxd8 Bxd8 22. Bxf5 gxf5 23. Rxf5 Nxd4 24. cxd4 Rxc1+ 25. Rf1 Rxf1+ 26. Kxf1 Bb6
27. Ra4 Ng4 28. Nc3 Ke6 29. h3 Ne3+ 30. Kf2 Nf5 31. Ne2 Kd7 32. Ke1 Ne3 33. Kf2
Nc4 34. Ra1 Ke6 35. Rg1 Kf6 36. Rd1 Nd6 37. Nf4 Kf5 38. Nxd5 Bd8 39. Rf1 Bg5
40. Ke2+ Ke6 41. Nc3 Bf6 42. Rd1 a5 43. Na4 Kd5 44. Nc5 b5 45. Nd7 Bd8 46. Ne5
Nf5 47. Ke1 Bh4+ 48. Kd2 Nxd4 49. Ng6 Bg5+ 50. Kc3 b4+ 51. Kb2 Kc5 52. Nf8 e3
53. Rg1 Bh6 54. Nd7+ Kb5 55. Rg6 e2 56. Rb6+ Kc4 57. Ne5+ Kd5 58. Nd3 Bd2 59.
Rg6 Bc3+ 60. Kb1 Kc4 61. Ne5+ Kb3 62. Nd3 e1=Q+ 63. Nxe1 Bxe1 64. h4 Bxh4 65.
Rxg7 Be1 66. Rg2 Bc3 67. Rf2 a4 68. Rb2+ Kc4 69. Ra2 a3 70. Kc1 Nb5 71. Rg2 b3
72. Rg4+ Nd4 0-1

[Event "4NCL 3 South pool D"]
[Site "Reading, ENG"]
[Date "2018.05.06"]
[Round "10.76"]
[White "Taylor, Mark V"]
[Black "Di-Vetta, Andrew"]
[Result "1/2-1/2"]
[WhiteElo "1945"]
[BlackElo "1806"]
[PlyCount "63"]
[EventDate "2018.05.06"]

1. d4 Nf6 2. c4 e6 3. Nf3 b6 4. g3 Bb7 5. Bg2 Bb4+ 6. Bd2 Qe7 7. O-O O-O 8. Nc3
Bxc3 9. Bxc3 Be4 10. Qd2 a5 11. Rac1 d6 12. Rfd1 Nbd7 13. Qf4 Rac8 14. Qh4 Rfe8
15. Bh3 c5 16. b3 h6 17. Qf4 cxd4 18. Rxd4 Bxf3 19. Qxf3 Ne5 20. Qe3 Qc7 21.
Bb2 Rcd8 22. Ba3 Nc6 23. Rd2 Nb4 24. Bb2 Nd7 25. a3 Nc6 26. Qc3 Nf6 27. Bg2 Rd7
28. Rcd1 Red8 29. e3 Ne7 30. Qd3 Ne8 31. e4 Nc6 32. f4 1/2-1/2

[Event "4NCL 3 South pool D"]
[Site "Reading, ENG"]
[Date "2018.05.06"]
[Round "10.81"]
[White "Higgs, Anthony R J"]
[Black "Gilbert, Jonathan A"]
[Result "1/2-1/2"]
[WhiteElo "2065"]
[BlackElo "2043"]
[PlyCount "41"]
[EventDate "2018.05.06"]

1. d4 Nf6 2. Bf4 d6 3. e3 g6 4. c4 Bg7 5. Nc3 O-O 6. Qb3 Nbd7 7. O-O-O a6 8.
Be2 c5 9. h4 Qa5 10. h5 Qb4 11. hxg6 fxg6 12. Bf3 Qxb3 13. axb3 cxd4 14. exd4
Re8 15. Bg3 Ra7 16. Nge2 b6 17. Nd5 17... Bb7 $11 18. Nec3 e5 19. dxe5 dxe5 20.
Nxf6+ Nxf6 21. Bxb7 1/2-1/2

[Event "4NCL 3 South pool D"]
[Site "Reading, ENG"]
[Date "2018.05.06"]
[Round "10.82"]
[White "Fletcher, John"]
[Black "Salmons, Calum"]
[Result "1-0"]
[WhiteElo "1928"]
[BlackElo "2035"]
[PlyCount "119"]
[EventDate "2018.05.06"]

1. d4 Nf6 2. Nc3 d5 3. Bg5 Nbd7 4. Qd3 h6 5. Bf4 c5 6. O-O-O c4 7. Qf3 Qa5 8.
Kb1 e6 9. e4 Nxe4 10. Nxe4 dxe4 11. Qxe4 Nf6 12. Qf3 Qd5 13. Be2 Bd7 14. Qxd5
Nxd5 15. Be5 b5 16. Bf3 a5 17. Ne2 b4 18. Nf4 Bc6 19. Nxd5 Bxd5 20. Bxd5 exd5
21. Rhe1 Kd7 22. Re3 h5 23. h3 Rh6 24. Rf3 f6 25. Bf4 g5 26. Bg3 Re8 27. Rf5
Kc6 28. h4 g4 29. Bf4 Rg6 30. Rxh5 Re2 31. Rh8 Rxf2 32. h5 Rg7 33. Bh6 Re7 34.
Rxf8 Ree2 35. Bc1 Rxg2 36. Rxf6+ Kb5 37. h6 Rh2 38. Rg1 c3 39. b3 g3 40. Rg6 g2
41. h7 Rxh7 42. R6xg2 Re4 43. Rg4 Rxg4 44. Rxg4 Rh1 45. Rg5 Kc6 46. Rg6+ Kb5
47. Rd6 Rh5 48. a4+ bxa3 49. Bxa3 a4 50. bxa4+ Kxa4 51. Bc5 Rh1+ 52. Ka2 Rc1
53. Ra6+ Kb5 54. Rb6+ Ka4 55. Rb4+ Ka5 56. Kb3 Ka6 57. Kxc3 Rh1 58. Rb8 Rh5 59.
Kb4 Rh1 60. Rb6+ 1-0

[Event "4NCL 3 South pool D"]
[Site "Reading, ENG"]
[Date "2018.05.06"]
[Round "10.83"]
[White "Rogacewicz, Mikolaj"]
[Black "Adams, Mark"]
[Result "1-0"]
[WhiteElo "1993"]
[BlackElo "1964"]
[PlyCount "107"]
[EventDate "2018.05.06"]

1. d4 Nf6 2. c4 e6 3. g3 c5 4. d5 exd5 5. cxd5 d6 6. Nc3 g6 7. Bg2 Bg7 8. Nf3
O-O 9. O-O Nbd7 10. h3 a6 11. a4 Re8 12. Re1 b6 13. e4 Ra7 14. Kh2 h6 15. Nh4
Nf8 16. f4 N6h7 17. Nf3 Rae7 18. Bd2 Bd7 19. Qc2 Qb8 20. g4 Bc8 21. Rad1 Bd7
22. Kh1 Bc8 23. Re2 Nd7 24. Be1 g5 25. Bg3 f6 26. Nh2 b5 27. Nf1 b4 28. Nb1 a5
29. Ne3 gxf4 30. Bxf4 Ne5 31. Nf5 Bxf5 32. gxf5 Ng5 33. Re3 Ngf7 34. Rg1 Kf8
35. Rg3 Rc8 36. Bf1 Ng5 37. Qg2 Qc7 38. h4 Ngf3 39. Rxf3 Nxf3 40. Qxf3 c4 41.
Qg3 Rd8 42. Bxh6 Rdd7 43. Qg6 Rxe4 44. Qxf6+ Rf7 45. Bxg7+ Ke8 46. Qh6 Qc5 47.
Nd2 Re1 48. Nxc4 Qxd5+ 49. Kh2 Rxf1 50. Qh8+ Ke7 51. f6+ R1xf6 52. Bxf6+ Rxf6
53. Re1+ Re6 54. Qg7+ 1-0

[Event "4NCL 3 South pool D"]
[Site "Reading, ENG"]
[Date "2018.05.06"]
[Round "10.84"]
[White "Hughes, Anthony"]
[Black "Graham, Cassie M"]
[Result "0-1"]
[WhiteElo "1963"]
[BlackElo "1997"]
[PlyCount "68"]
[EventDate "2018.05.06"]

1. d4 Nf6 2. Nf3 g6 3. g3 Bg7 4. Bg2 d6 5. O-O O-O 6. a4 Nbd7 7. a5 a6 8. Nc3
e5 9. dxe5 dxe5 10. e4 h6 11. Qe2 b5 12. axb6 cxb6 13. Rd1 Re8 14. Nb5 a5 15.
b4 Ba6 16. Bb2 Qb8 17. bxa5 Bxb5 18. Qxb5 bxa5 19. Bf1 Qc7 20. Ba3 Reb8 21. Qd3
Nc5 22. Bxc5 Qxc5 23. Ra4 Rb4 24. Rda1 Nxe4 25. Rxb4 Qxb4 26. Qd5 Ra7 27. Nxe5
Bxe5 28. Qxe5 Ng5 29. Bg2 a4 30. Bd5 Re7 31. Qf6 Kh7 32. h4 Ne4 33. Rxa4 Qe1+
34. Kg2 Nxf6 0-1

[Event "4NCL 3 South pool D"]
[Site "Reading, ENG"]
[Date "2018.05.06"]
[Round "10.85"]
[White "Graham, William M"]
[Black "Davies, Peter"]
[Result "1/2-1/2"]
[WhiteElo "1909"]
[BlackElo "1989"]
[PlyCount "102"]
[EventDate "2018.05.06"]

1. e4 c5 2. c4 Nc6 3. Nc3 d6 4. g3 g6 5. Bg2 Bg7 6. d3 e6 7. Nge2 Nge7 8. O-O
O-O 9. Be3 Nd4 10. f4 Rb8 11. Bf2 Nxe2+ 12. Qxe2 Nc6 13. Qd2 Nd4 14. Rad1 a6
15. Ne2 Qc7 16. Nxd4 cxd4 17. Rc1 Bd7 18. Qb4 b6 19. Rc2 Qc5 20. Qd2 a5 21. Rb1
Qb4 22. Qe2 e5 23. Be1 Qc5 24. b4 axb4 25. Bxb4 Qc7 26. Qf2 f5 27. Re1 Rbe8 28.
exf5 Bxf5 29. Qf3 exf4 30. Qd5+ Kh8 31. Rxe8 Rxe8 32. Bxd6 Qd7 33. Bxf4 Qxd5
34. cxd5 Bxd3 35. Rc7 Bf5 36. d6 h6 37. d7 Rd8 38. Rc8 Rxc8 39. dxc8=Q+ Bxc8
40. Bd5 g5 41. Bd2 Be5 42. Kf2 Kg7 43. Kf3 Kf6 44. Bb4 g4+ 45. Ke2 Be6 46. Bxe6
Kxe6 47. Kd3 Kd5 48. Be7 b5 49. Bf8 h5 50. Be7 Bg7 51. Bg5 Be5 1/2-1/2

[Event "4NCL 3 South pool D"]
[Site "Reading, ENG"]
[Date "2018.05.06"]
[Round "10.86"]
[White "Perrett, David C"]
[Black "Batchelor, Paul A"]
[Result "1-0"]
[WhiteElo "1934"]
[BlackElo "1922"]
[PlyCount "97"]
[EventDate "2018.05.06"]

1. d4 Nf6 2. Bg5 Ne4 3. Bf4 d5 4. e3 e6 5. Nd2 Nxd2 6. Qxd2 Bd6 7. Bd3 Bxf4 8.
exf4 b6 9. O-O-O O-O 10. Nf3 Ba6 11. f5 Bxd3 12. Qxd3 exf5 13. Qxf5 Qd6 14. Ng5
g6 15. Qf3 h6 16. h4 Nd7 17. Rde1 c6 18. Nh3 Rfe8 19. h5 g5 20. Qf5 Re6 21. f4
Rae8 22. Rxe6 Qxe6 23. Qxe6 Rxe6 24. fxg5 Kg7 25. Rf1 hxg5 26. Nxg5 Rf6 27. Nf3
Rf4 28. c3 Nf6 29. Rh1 Ng8 30. Ne5 Rf6 31. g4 Re6 32. g5 f6 33. h6+ Nxh6 34.
gxh6+ Kh7 35. Ng4 f5 36. Ne5 c5 37. Kd2 f4 38. Ke2 cxd4 39. cxd4 b5 40. Kf2 Ra6
41. a3 Rb6 42. Nf7 Rf6 43. Ng5+ Kh8 44. h7 Rf5 45. Nf3 a5 46. Ne5 Rf6 47. Kf3
b4 48. axb4 axb4 49. b3 1-0